Joint-ventures as strategic choice - a literature review.
Posudzovanie súčasných trendov zavádzania joint ventures, ich atraktívnosť. Trhová štruktúra a tlaky na organizačné zmeny. Globalizačné tendencie aliancií v záujme zvyšovania efektívnosti podnikov. Charakteristika jednotlivých typov joint ventures a ich foriem. Použitie modelu štruktúry priemyslu Mi...
Salvato in:
| Autore principale: | |
|---|---|
| Natura: | Capitolo di libro |
| Lingua: | inglese |
| Soggetti: | |
| Tags: |
Nessun Tag, puoi essere il primo ad aggiungerne!!
|
MARC
| LEADER | 00000naa a2200000 4500 | ||
|---|---|---|---|
| 001 | r005563 | ||
| 005 | 20221213085151.1 | ||
| 041 | 0 | |a eng | |
| 044 | |a GB | ||
| 245 | 1 | 0 | |a Joint-ventures as strategic choice - a literature review. |c M.P. Lyons |
| 520 | |a Posudzovanie súčasných trendov zavádzania joint ventures, ich atraktívnosť. Trhová štruktúra a tlaky na organizačné zmeny. Globalizačné tendencie aliancií v záujme zvyšovania efektívnosti podnikov. Charakteristika jednotlivých typov joint ventures a ich foriem. Použitie modelu štruktúry priemyslu Michaela Portera. | ||
| 610 | 2 | 0 | |a joint ventures |
| 610 | 2 | 0 | |a stratégia podniková |
| 610 | 2 | 0 | |a priemysel |
| 610 | 2 | 0 | |a modely štruktúrne |
| 610 | 2 | 0 | |a organizácia podniku |
| 610 | 2 | 0 | |a Porter, M. |
| 610 | 2 | 0 | |a bibliografia |
| 100 | 1 | |a Lyons, M.P. | |